000 00866nam a22002057a 4500
005 20100310103710.0
008 100310t xxu||||| |||| 00| 0 eng d
010 _aENG-95877
020 _a9788183161398
_c400.00
035 _aEN-79410
037 _bDBAD/PUB
040 _aDPL
100 _aGanesan, D. Raja
245 _aNew themes for educational research and development:
_bResearch in general and education in relation to psychological themes/
_cby D. Raja Ganesan
260 _aNew Delhi
_bNeelkamal Publications Pvt. Ltd.
_c2009
270 _aBG5/9B, Paschim Vihar
_bNew Delhi
_e110063
300 _ax, 187p :
_c23 cm. (Hb)
_eReferences from page 164 to 169 and Index from 170 to 187
942 _2ddc
_cEN
_mGAN
999 _c34544
_d34544